THE UPANISHADS: (Record no. 187056)
[ view plain ]
| 000 -LEADER | |
|---|---|
| fixed length control field | 00659nam a22001817a 4500 |
| 005 - DATE AND TIME OF LATEST TRANSACTION | |
| control field | 20220329151907.0 |
| 010 ## - LCCN (DPL NO) | |
| LC control number | ENG-132157 |
| 020 ## - INTERNATIONAL STANDARD BOOK NUMBER | |
| International Standard Book Number | 9788180900631 |
| Terms of availability | 500.00 |
| 035 ## - SYSTEM CONTROL NUMBER | |
| System control number | EN-115689 |
| 037 ## - SOURCE OF ACQUISITION | |
| Source of stock number/acquisition | DBAD/PUB |
| 082 ## - DEWEY DECIMAL CLASSIFICATION NUMBER | |
| Classification number | 294.59218 |
| Edition number | 2018 |
| Item number | 1 |
| 245 ## - TITLE STATEMENT | |
| Title | THE UPANISHADS: |
| Remainder of title | Selection from the 108 upanishads text with english traslation/ |
| Statement of responsibility, etc | Translated by T.M.P. Mahadevan |
| 260 ## - PUBLICATION, DISTRIBUTION, ETC. (IMPRINT) | |
| Place of publication, distribution, etc | DELHI |
| Name of publisher, distributor, etc | Bhartiya Kala Prakashan |
| Date of publication, distribution, etc | 2018 |
| 270 ## - ADDRESS | |
| Address | 3421 - A ,IInd Floor ,Narang Colony , Tri Nagar |
| City | Delhi |
| Postal code | 110035 |
| Telephone number | 011-27393083 |
| Electronic mail address | www.bkpbooks.com |
| 300 ## - PHYSICAL DESCRIPTION | |
| Extent | vii;534P |
| Dimensions | 22(hbk) |
| 700 ## - ADDED ENTRY--PERSONAL NAME | |
| Personal name | Mahadevan, T.M.P. |
| 942 ## - ADDED ENTRY ELEMENTS (KOHA) | |
| Source of classification or shelving scheme | Dewey Decimal Classification |
| Item type | English Books |
| Call number suffix | UPA |
| Classification part | 294.59218 |
| Withdrawn status | Lost status | Not for loan | Collection code | Home library | Current library | Date acquired | Source of acquisition | Cost, normal purchase price | Full call number | Barcode | Copy number | Cost, replacement price | Koha item type |
|---|---|---|---|---|---|---|---|---|---|---|---|---|---|
| Non-fiction | Central Library | Central Library | 29/03/2022 | DBAD/PUB | 500.00 | 294.59218 UPA | EN-115689 | 1 | 500.00 | English Books |
